| 000 | 00398nam a2200169 4500 | ||
|---|---|---|---|
| 003 | OSt | ||
| 008 | 240703b |||||||| |||| 00| 0 eng d | ||
| 020 | _a9788179921623 | ||
| 082 |
_a823 _bSHM |
||
| 100 | _aSHARMA, Robin | ||
| 245 | _aThe Monk Who Sold His Ferrari | ||
| 250 | _a184th | ||
| 260 |
_aMumbai _bJaico Publishing House _c2023 |
||
| 300 | _a198 | ||
| 650 | _aGeneral | ||
| 942 |
_2ddc _cBK |
||
| 999 |
_c12800 _d12800 |
||